Onde está Wally ? (Registo nº 4251)

Detalhes MARC
000 -Etiqueta do registo
Cabeçalho 00621nam a2200241 4500
005 - Identificador da versão
Campo de controlo 20240813122056.0
010 ## - Número internacional normalizado dos livros (ISBN)
Número (ISBN) 9727100821
Modalidade de aquisição e/ou preço ? 8,98
021 ## - Número do Depósito Legal
Código do país PT
100 ## - Dados gerais de processamento
Dados gerais de processamento 20030207d2000 a y0pory5003 ba
102 ## - Pais de publicação ou produção
País de publicação Portugal
101 1# - Língua de publicação
Língua do texto, banda sonora, etc. Português
215 ## - Descrição física 
Indicação específica da natureza do documento e extensão da espécie [26] p.
Outras indicações físicas il.
200 1# - Titulo e menção de responsabilidade
Título próprio Onde está Wally ?
Informação de outro título em Hollywood
Primeira menção de responsabilidade Martin Handford
Outras menções de responsabilidade trad. Ana Paula Faria
205 ## - Menção da edição
Menção da edição 2.ª ed
210 ## - Publicação, Distribuição, etc. 
Lugar da edição, distribuição, etc. Lisboa
Nome do editor, distribuidor, etc. Terramar
Data da publicação, distribuição, etc. 2000
675 ## - Classificação Decimal Universal (CDU)
Notação 82-93
Edição BN
Língua da edição por
702 #1 - Nome de autor-pessoa física (responsabilidade secundária)
Número de registo de entrada de autoridade 0000911
Palavra de ordem Faria
Outra parte do nome não tomada para palavra de ordem Ana Paula
Código de função Tradutor
700 #1 - Nome de autor-pessoa física (responsabilidade principal)
Número de registo de entrada de autoridade 0000946
Palavra de ordem Handford
Outra parte do nome não tomada para palavra de ordem Martin
942 ## - Elementos de entrada adicionados (Koha)
Tipo de item no Koha Livro
Exemplares
Situação do levantamento Origin of item (home branch) (coded) Biblioteca de empréstimo Código de barras Cota Circulation type (not for loan) Tipo de documento Nota do exemplar Damaged status
  Biblioteca Escolar das Vendas Biblioteca Escolar das Vendas BEV1165 3 HAN   Livro Sem mensagem